|
|
|
|
| LEADER |
02178nam a2200517 a 4500 |
| 001 |
nkc20112226338 |
| 003 |
CZ PrNK |
| 005 |
20260304131005.0 |
| 007 |
ta |
| 008 |
110921s2011 xr ab e f 000 0 cze |
| 015 |
|
|
|a cnb002226338
|
| 020 |
|
|
|a 978-80-904808-5-8
|q (Multikulturní centrum ;
|q kroužková vazba)
|
| 035 |
|
|
|a (OCoLC)768557756
|
| 040 |
|
|
|a BOA001
|b cze
|d ABA001
|
| 043 |
|
|
|a e-xr---
|a ah-----
|
| 072 |
|
7 |
|a 373.2/.3
|x Předškolní a primární výchova a vzdělávání
|2 Konspekt
|9 22
|
| 080 |
|
|
|a 37.014.542
|2 MRF
|
| 080 |
|
|
|a 37.0-027.511
|2 MRF
|
| 080 |
|
|
|a 373.3
|2 MRF
|
| 080 |
|
|
|a (437.3)
|2 MRF
|
| 080 |
|
|
|a (540)
|2 MRF
|
| 080 |
|
|
|a (072)
|2 MRF
|
| 245 |
0 |
3 |
|a La Ngonpo :
|b metodika multikulturního a globálního rozvojového vzdělávání pro partnerství českých a ladackých škol /
|c [autorky Martina Pavlíčková ... et al.]
|
| 260 |
|
|
|a Praha :
|b Multikulturní centrum Praha ve spolupráci s NaZemi - společností pro fair trade,
|c 2011
|
| 300 |
|
|
|a 127 s. :
|b il. (převážně barev.), mapy ;
|c 21 x 31 cm
|
| 610 |
2 |
7 |
|a La Ngonpo (projekt)
|7 kn20111116003
|2 czenas
|
| 650 |
0 |
7 |
|a vzdělávací projekty
|7 ph242428
|z Česko
|2 czenas
|
| 650 |
0 |
7 |
|a vzdělávací projekty
|7 ph242428
|z Indie
|2 czenas
|
| 650 |
0 |
7 |
|a globální rozvojové vzdělávání
|7 ph265647
|2 czenas
|
| 650 |
0 |
7 |
|a základní školy
|7 ph116795
|2 czenas
|
| 650 |
0 |
9 |
|a educational projects
|z Czechia
|2 eczenas
|
| 650 |
0 |
9 |
|a educational projects
|z India
|2 eczenas
|
| 650 |
0 |
9 |
|a global development education
|2 eczenas
|
| 650 |
0 |
9 |
|a elementary schools
|2 eczenas
|
| 651 |
|
7 |
|a Ladakh (Indie)
|7 ge129755
|2 czenas
|
| 651 |
|
9 |
|a Ladakh (India)
|2 eczenas
|
| 655 |
|
7 |
|a metodické příručky
|7 fd132826
|2 czenas
|
| 655 |
|
9 |
|a methodological manuals
|2 eczenas
|
| 700 |
1 |
|
|a Holková, Martina
|7 mzk2011662238
|4 aut
|
| 910 |
2 |
|
|a BOA001
|b 4-1270.785
|
| 928 |
9 |
|
|a NaZemi - společnost pro fair trade
|
| 990 |
|
|
|a BK
|
| 995 |
|
|
|a 01
|
| 991 |
|
|
|b 201110
|c NOV
|e n
|
| 996 |
6 |
|
|b 2610489732
|c 4-1270.785
|l MZK
|r Sklad / do 1 hodiny
|n 0
|p p.v.
|w 001203864
|u 000010
|a 1
|e BOA001
|j MZK50
|s P
|
| 996 |
7 |
|
|b 2610489733
|c 4-1270.785
|l MZK
|r Sklad / do 1 hodiny
|n 5
|p p.v.
|w 001203864
|u 000020
|a 1
|e BOA001
|j MZK50
|s A
|